000
00285nam a2200109Ia 4500
100
_a
Megaval Somashekhar
245
0
_a
Bangalorean Mahatma Gandhi
264
_b
Bharathi Vidya Bhavan
_a
Bangalore
300
_a
197
942
_c
IR
999
_c
120672
_d
120672